| 000 | 00000nam 2200000zi 4500 |
| 001 | 9.931929 |
| 003 | CaOODSP |
| 005 | 20241126172549 |
| 006 | m o d f |
| 007 | cr |n||||||||| |
| 008 | 240102s2023 quca o f|0| 0 fre d |
| 040 | |aCaOODSP|bfre|erda|cCaOODSP |
| 043 | |an-cn--- |
| 086 | 1 |aNF4-45/2023F-PDF |
| 245 | 00|aProgrammation l'ONF en biblio, 2023-2024 : |bdes suggestions de films pour toute l'année. |
| 264 | 1|a[Montréal] : |bONF = NFB, |c[2023] |
| 300 | |a1 ressource en ligne (31 pages non numérotées) : |billustrations en couleur |
| 336 | |atexte|btxt|2rdacontent/fre |
| 337 | |ainformatique|bc|2rdamedia/fre |
| 338 | |aressource en ligne|bcr|2rdacarrier/fre |
| 500 | |aPublié aussi en anglais sous le titre : The NFB in libraries, 2023-2024 program: film suggestions for the year. |
| 500 | |aTitre de la couverture. |
| 610 | 26|aOffice national du film du Canada|vCatalogues. |
| 650 | 6|aCinéma|zCanada|vCatalogues. |
| 710 | 2 |aOffice national du film du Canada, |eorganisme de publication. |
| 775 | 08|tThe NFB in libraries, 2023-2024 program : |w(CaOODSP)9.929886 |
| 794 | |tProgrammation l'ONF en biblio, 2024-2025 : |w(CaOODSP)9.945623 |
| 856 | 40|qPDF|s3.82 Mo|uhttps://publications.gc.ca/collections/collection_2024/onf-nfb/NF4-45-2023-fra.pdf |